[Event "FINAL MISTRZOSTW POLSKI JUNIOROW 2018 - GRUPA  D16"]
[Site "Jastrzebia Gora"]
[Date "1899-12-30"]
[Round "5.2"]
[White "Kalinowska, Zuzanna"]
[Black "Rudzinska, Michalina"]
[Result "0-1"]
[WhiteTitle "k+"]
[BlackTitle "k+"]
[WhiteElo "1980"]
[BlackElo "2066"]

1. d4 Nf6 2. Nf3 c5 3. d5 d6 4. Nc3 g6 5. e4 Bg7 6. Be2 O-O 7. O-O Na6 8. Nd2 Nc7
9. a4 b6 10. Nc4 Rb8 11. Bg5 Ba6 12. f3 Qd7 13. Qd2 Rfe8 14. Bh6 Bh8 15. Ne3 Bxe2
16. Nxe2 a6 17. Ng3 b5 18. a5 Qc8 19. c3 Nd7 20. f4 c4 21. Qf2 b4 22. f5 Nf6 23.
fxg6 fxg6 24. Nxc4 Ncxd5 25. Nxd6 exd6 26. exd5 bxc3 27. bxc3 Qxc3 28. Bg5 Rf8
29. Bh6 Rb2 30. Ne4 Rxf2 31. Nxc3 Rxf1+ 32. Rxf1 Rc8 33. Ne2 Nxd5 34. Rd1 Rc5
35. Rb1 Be5 36. Rb8+ Kf7 37. Rb7+ Ke6 38. Rxh7 Rxa5 39. Bg7 Nf6 40. Bxf6 Kxf6
41. Kf2 Ra2 42. h4 a5 43. h5 gxh5 44. Rxh5 a4 45. Rh4 d5 46. Ke3 a3 47. Ra4 Ra1
48. Kd2 d4 49. Nxd4 Bxd4 50. Kc2 Bc5 51. Ra5 Bd6 52. g4 Rg1 53. Ra6 Ke6 54. Ra4
Bc5 55. Kb3 Kd5 56. g5 Rxg5 57. Ka2 Kc6 58. Kb3 Kb5 59. Ra8 Rg3+ 0-1

[Event "FINAL MISTRZOSTW POLSKI JUNIOROW 2018 - GRUPA  D16"]
[Site "Jastrzebia Gora"]
[Date "1899-12-30"]
[Round "5.3"]
[White "Czarniecka, Aleksandra"]
[Black "Jarocka, Liwia"]
[Result "1/2-1/2"]
[WhiteTitle "k"]
[BlackTitle "FM"]
[WhiteElo "2015"]
[BlackElo "1989"]

1. e4 c5 2. Nf3 e6 3. d4 cxd4 4. Nxd4 Nf6 5. Nc3 d6 6. Be2 a6 7. O-O Be7 8. f4
Nc6 9. Be3 O-O 10. Qe1 Nxd4 11. Bxd4 b5 12. Bf3 Bb7 13. e5 dxe5 14. Bxe5 Bxf3
15. Rxf3 Qb6+ 16. Kh1 Rac8 17. Rg3 g6 18. a3 Rfd8 19. Rd1 a5 20. Rxd8+ Rxd8 21.
Rd3 Rxd3 22. cxd3 Ng4 23. Nd1 a4 24. Bc3 Bf6 25. h3 Bxc3 26. Qxc3 Nf2+ 27. Nxf2
Qxf2 28. Qc8+ Kg7 29. Qc3+ Kg8 30. Qc8+ Kg7 31. Qc3+ Kg8 32. Qc8+ Kg7 1/2-1/2

[Event "FINAL MISTRZOSTW POLSKI JUNIOROW 2018 - GRUPA  D16"]
[Site "Jastrzebia Gora"]
[Date "1899-12-30"]
[Round "5.4"]
[White "Skiba, Aleksandra"]
[Black "Sowa, Wiktoria"]
[Result "1/2-1/2"]
[WhiteTitle "I+"]
[BlackTitle "k"]
[WhiteElo "1734"]
[BlackElo "1993"]

1. e4 e5 2. Nf3 Nc6 3. Bb5 a6 4. Bxc6 dxc6 5. O-O f6 6. d3 Bg4 7. Be3 Qd7 8. h3
Bh5 9. Nbd2 O-O-O 10. Nb3 g5 11. Bc5 Nh6 12. Bxf8 Rdxf8 13. Nxe5 Qe8 14. Ng4 Nxg4
15. hxg4 Bg6 16. f3 h5 17. Kf2 hxg4 18. fxg4 f5 19. gxf5 Bxf5 20. Ke3 Qe5 21.
Qe2 Be6 22. Rxf8+ Rxf8 23. Rf1 Rd8 24. d4 Qd6 25. c3 Bxb3 26. axb3 c5 27. d5 c6
28. Qg4+ Kb8 29. Qxg5 Ka7 30. Qf6 Qg3+ 31. Qf3 Qg5+ 32. Qf4 Qxg2 33. Rf2 Qg1 34.
d6 Rg8 35. d7 Qe1+ 36. Kd3 Qd1+ 37. Rd2 Qxb3 38. Ke3 Qb6 39. d8=Q Rxd8 40. Rxd8
Qxd8 41. Ke2 Qb6 42. Qd2 Qb5+ 43. Ke3 Qf1 44. Qh2 Qe1+ 45. Kf4 Qc1+ 46. Kf5 Qf1+
1/2-1/2

[Event "FINAL MISTRZOSTW POLSKI JUNIOROW 2018 - GRUPA  D16"]
[Site "Jastrzebia Gora"]
[Date "1899-12-30"]
[Round "5.5"]
[White "Hryn, Zofia"]
[Black "Harazinska, Magdalena"]
[Result "1-0"]
[WhiteTitle "I++"]
[BlackTitle "k"]
[WhiteElo "1574"]
[BlackElo "2053"]

1. e4 c5 2. Be2 e6 3. f4 Nc6 4. Nf3 d5 5. d3 Be7 6. O-O Nf6 7. e5 Nd7 8. c3 b6
9. Kh1 Bb7 10. d4 h6 11. Be3 Qc7 12. Na3 a6 13. Nc2 c4 14. Nce1 O-O-O 15. b3 Na5
16. Nd2 Kb8 17. bxc4 Nxc4 18. Nxc4 dxc4 19. Bf3 Nc5 20. Qc2 Bxf3 21. gxf3 Nb7
22. Rb1 Rd5 23. f5 Qc6 24. Rg1 Bh4 25. Qe4 Bxe1 26. Rbxe1 Rg8 27. f6 g6 28. Bxh6
Rh8 29. Bg5 Qa4 30. Qe2 Ra5 31. Rg2 Rh3 32. Rb1 Qc6 33. Rg3 Rh5 34. h4 Ra3 35.
Qb2 Ra5 36. Qb4 Rh8 37. Qxb6 Qxb6 38. Rxb6 Rxa2 39. Rg2 Ra1+ 40. Rg1 Rxg1+ 41.
Kxg1 a5 42. Rc6 Rc8 43. Rxc8+ Kxc8 44. Bc1 Kd7 45. Ba3 Kc6 46. Kf2 Kd5 47. Ke3
Nd8 48. Kf4 a4 49. Kg5 Kc6 50. Be7 Kd7 51. Kh6 Nc6 52. Bc5 Ke8 53. Kg7 Nd8 54.
f4 Nb7 55. Be7 Nd8 56. Bxd8 a3 57. d5 a2 58. dxe6 a1=Q 59. exf7+ Kd7 60. f8=Q
Qxc3 61. Qd6+ 1-0

[Event "FINAL MISTRZOSTW POLSKI JUNIOROW 2018 - GRUPA  D16"]
[Site "Jastrzebia Gora"]
[Date "1899-12-30"]
[Round "5.6"]
[White "Moscicka, Pola"]
[Black "Swiech, Joanna"]
[Result "1/2-1/2"]
[WhiteTitle "k+"]
[BlackTitle "k"]
[WhiteElo "1868"]
[BlackElo "1995"]

1. d4 Nf6 2. c4 e6 3. Nf3 b6 4. a3 Bb7 5. Nc3 d5 6. cxd5 exd5 7. g3 Be7 8. Qa4+
c6 9. Bg2 O-O 10. O-O Bd6 11. Bg5 h6 12. Bxf6 Qxf6 13. e4 dxe4 14. Nxe4 Qd8 15.
Nxd6 Qxd6 16. Ne5 b5 17. Qb4 Qxb4 18. axb4 Rd8 19. Nd3 Na6 20. Nc5 Nxc5 21. dxc5
Kf8 22. Rfd1 Ke7 23. Re1+ Kf8 24. Rad1 Rxd1 25. Rxd1 Re8 26. Kf1 Ke7 27. Rd6 Rd8
28. Bxc6 Bxc6 29. Rxc6 Rd1+ 30. Ke2 Rd4 31. Rc7+ Ke6 32. Rxa7 1/2-1/2

[Event "FINAL MISTRZOSTW POLSKI JUNIOROW 2018 - GRUPA  D16"]
[Site "Jastrzebia Gora"]
[Date "1899-12-30"]
[Round "5.7"]
[White "Karlyk, Maria"]
[Black "Hryn, Aleksandra"]
[Result "1/2-1/2"]
[WhiteTitle "I"]
[BlackTitle "I"]
[WhiteElo "1636"]
[BlackElo "1558"]

1. e4 Nf6 2. d3 d6 3. Nc3 e5 4. g3 Be7 5. Bg2 c6 6. Nf3 Nbd7 7. O-O O-O 8. h3 d5
9. Qe2 d4 10. Nd1 Qc7 11. Nh2 Ne8 12. f4 f6 13. f5 c5 14. Rf3 Nd6 15. c4 b5 16.
b3 a5 17. cxb5 Nxb5 18. a4 Nd6 19. Qc2 Rb8 20. Nf1 Ba6 21. Nd2 Kf7 22. Nb2 Nb6
23. Ndc4 Nbxc4 24. Nxc4 Bxc4 25. bxc4 Nc8 26. Bd2 Na7 27. Rff1 Nc6 28. Rfb1 Nb4
29. Bxb4 cxb4 30. Qb3 Bc5 1/2-1/2

[Event "FINAL MISTRZOSTW POLSKI JUNIOROW 2018 - GRUPA  D16"]
[Site "Jastrzebia Gora"]
[Date "1899-12-30"]
[Round "5.8"]
[White "Furtak, Joanna"]
[Black "Waszczuk, Patrycja"]
[Result "1-0"]
[WhiteTitle "I++"]
[BlackTitle "k"]
[WhiteElo "1683"]
[BlackElo "1927"]

1. e4 c5 2. Nf3 e6 3. d4 cxd4 4. Nxd4 a6 5. c4 Nf6 6. Nc3 Qc7 7. Be3 Bb4 8. Qb3
Bxc3+ 9. Qxc3 d6 10. f3 Nbd7 11. Qd2 O-O 12. Be2 b6 13. O-O Bb7 14. Rac1 Rac8
15. Rfd1 Rfd8 16. Bf1 Qb8 17. Qf2 Kh8 18. Qh4 Ne5 19. b3 Ng6 20. Qf2 d5 21. exd5
exd5 22. Nf5 Qe5 23. g4 dxc4 24. Rxd8+ Rxd8 25. Bxb6 Re8 26. Rxc4 Qd5 27. Rd4
Qc6 28. Rd6 Qc1 29. Qd2 Qb1 30. Rxf6 Ne5 31. Kf2 gxf6 32. Bd8 Nd3+ 33. Kg1 Qc1
34. Bxf6+ Kg8 35. Qxd3 Qc5+ 36. Qd4 Qxd4+ 37. Nxd4 Rc8 38. Bc4 Rc5 39. Kf2 Kf8
40. Nf5 Rc6 41. g5 Bc8 42. Ne7 Rc7 43. Nxc8 Rxc8 44. Ke3 a5 45. Bd3 Rc1 46. Bd8
a4 47. bxa4 Ke8 48. Bb6 Kd7 49. Bxh7 Ra1 50. a5 Rxa2 51. h4 Ra4 52. Be4 Ke6 53.
h5 f5 54. gxf6 Kxf6 55. h6 Ra3+ 56. Kf4 Ra4 57. h7 Kg7 58. a6 1-0

[Event "FINAL MISTRZOSTW POLSKI JUNIOROW 2018 - GRUPA  D16"]
[Site "Jastrzebia Gora"]
[Date "1899-12-30"]
[Round "5.9"]
[White "Raczykowska, Paulina"]
[Black "Budkiewicz, Magdalena"]
[Result "0-1"]
[WhiteTitle "k"]
[BlackTitle "I++"]
[WhiteElo "1897"]
[BlackElo "1739"]

1. e4 c5 2. Nf3 e6 3. d4 cxd4 4. Nxd4 a6 5. Nc3 Qc7 6. Bd3 Bc5 7. Nb3 Be7 8. O-O
Nf6 9. f4 d6 10. Qf3 b5 11. a3 Bb7 12. Bd2 h5 13. Rae1 Nbd7 14. Kh1 g6 15. Qh3
Ng4 16. Qf3 Ndf6 17. Ne2 d5 18. Nc3 Rd8 19. e5 Nd7 20. Ne2 Rc8 21. Ned4 Nc5 22.
Nxc5 Bxc5 23. Nb3 Bb6 24. Bb4 Qd8 25. Re2 Bc6 26. Bc5 d4 27. Qh3 Bxc5 28. Nxc5
Ne3 29. Rxe3 dxe3 30. Ne4 Bxe4 31. Bxe4 e2 32. Re1 Qd2 33. Qg3 Rd8 34. Bd3 Rd4
35. Rxe2 Qxf4 36. Qxf4 Rxf4 37. Kg1 Rd4 38. Kf2 Ke7 39. Re3 Rc8 40. Ke2 Rc5 41.
Kf3 g5 42. b4 Rc3 43. Be4 Rdc4 44. Ke2 Rxe3+ 45. Kxe3 Rc3+ 46. Kd4 Rxa3 47. c4
bxc4 48. Kxc4 Kd7 49. Kc5 Kc7 50. h3 Ra2 51. Bf3 g4 52. hxg4 hxg4 53. Bxg4 Rxg2
54. Bf3 Rc2+ 55. Kd4 Kb6 56. Be4 Rc1 57. Bf3 Re1 58. Bh5 Rf1 59. Be2 Rf4+ 60.
Kc3 Rf2 61. Bd3 a5 62. bxa5+ Kxa5 63. Kc4 Kb6 64. Bh7 Rf4+ 65. Kd3 Kc5 66. Ke3
Rg4 67. Kf3 Rg7 68. Bc2 Kd4 69. Kf4 Rg1 70. Ba4 Rf1+ 0-1

[Event "FINAL MISTRZOSTW POLSKI JUNIOROW 2018 - GRUPA  D16"]
[Site "Jastrzebia Gora"]
[Date "1899-12-30"]
[Round "5.10"]
[White "Kulpa, Zuzanna"]
[Black "Pyzio, Amelia"]
[Result "1-0"]
[WhiteTitle "I++"]
[BlackTitle "I++"]
[WhiteElo "1839"]
[BlackElo "1780"]

1. c4 c5 2. Nf3 Nf6 3. d4 d5 4. dxc5 Nc6 5. cxd5 Qxd5 6. Qxd5 Nxd5 7. a3 Bf5 8.
Nbd2 Nf6 9. b4 e6 10. Bb2 a5 11. b5 Na7 12. Rc1 Rc8 13. b6 Nc6 14. e3 Be7 15.
Bb5 O-O 16. Nb3 Ne4 17. Nfd4 Nxd4 18. exd4 Bg5 19. Rd1 Rfd8 20. Nxa5 Nxc5 21.
h4 Bf6 22. f3 Ra8 23. Rc1 Rxa5 24. Rxc5 Be7 25. Re5 f6 26. Rxf5 exf5 27. a4 Rd6
28. Bc3 Ra8 29. a5 Kf8 30. Kd2 Rdd8 31. Bd3 g6 32. Ra1 Rab8 33. Bc4 Rbc8 34. Kd3
Bd6 35. Bd2 Kg7 36. h5 g5 37. Be6 Rb8 38. Bxf5 Be5 39. Bc3 Bf4 40. h6+ Kg8 41.
Re1 Be5 42. Kc4 Bd6 43. d5 Rf8 44. Re6 Rbc8+ 45. Kd3 Ba3 46. Re4 Rcd8 47. Be6+
Kh8 48. Rg4 Bc1 49. g3 Rde8 50. f4 gxf4 51. Rg8+ 1-0

[Event "FINAL MISTRZOSTW POLSKI JUNIOROW 2018 - GRUPA  D16"]
[Site "Jastrzebia Gora"]
[Date "1899-12-30"]
[Round "5.11"]
[White "Sawa, Daria"]
[Black "Michalska, Aleksandra"]
[Result "0-1"]
[WhiteTitle "I"]
[BlackTitle "I"]
[WhiteElo "1432"]
[BlackElo "1661"]

1. e4 e5 2. Nf3 Nc6 3. Bc4 Bc5 4. c3 Nf6 5. d4 exd4 6. cxd4 Bb4+ 7. Bd2 Nxe4 8.
Bxb4 Nxb4 9. Bxf7+ Kxf7 10. Qb3+ d5 11. Ne5+ Ke7 12. Qxb4+ Qd6 13. Qb3 c5 14.
Nf3 c4 15. Qc2 Rf8 16. Nbd2 Qf4 17. O-O Bf5 18. Rfe1 Kf7 19. Ne5+ Kg8 20. Ndf3
Qh6 21. Rad1 b5 22. Qc1 Qxc1 23. Rxc1 g5 24. h3 Rf6 25. Nh2 Rc8 26. Nhg4 Ra6 27.
f3 Ng3 28. Kh2 Nh5 29. a3 Kg7 30. Ne3 Be6 31. Nc2 Rd6 32. Ng4 Nf4 33. Nf2 Nd3
34. Nxd3 cxd3 35. Red1 Rxc2 0-1

[Event "FINAL MISTRZOSTW POLSKI JUNIOROW 2018 - GRUPA  D16"]
[Site "Jastrzebia Gora"]
[Date "1899-12-30"]
[Round "5.12"]
[White "Tarka, Aleksandra"]
[Black "Choinska, Debora"]
[Result "1/2-1/2"]
[WhiteTitle "I++"]
[BlackTitle "I"]
[WhiteElo "1761"]
[BlackElo "1503"]

1. e4 d6 2. d4 Nf6 3. Nc3 Nbd7 4. Nf3 e5 5. Rg1 c6 6. g4 h6 7. h4 Be7 8. g5 hxg5
9. hxg5 Ng8 10. Be3 Qc7 11. Qd2 Nb6 12. O-O-O Be6 13. d5 Bd7 14. dxc6 bxc6 15.
Ba6 Bc8 16. Bxc8 Qxc8 17. Qe2 Qb7 18. Rh1 Rxh1 19. Rxh1 Bf8 20. Rh8 Ne7 21. Nh4
Ng6 22. Nxg6 fxg6 23. Bxb6 axb6 24. Qc4 Ke7 25. Qg8 Qd7 26. Qc4 b5 27. Qb3 Qe6
28. Qxe6+ Kxe6 29. a3 Rd8 30. Rh3 Be7 31. Rg3 Rh8 32. Ne2 Rh2 33. Rf3 Bxg5+ 34.
Kb1 Bh4 35. Ng3 Rh3 36. b3 Bxg3 37. fxg3 Rh1+ 38. Kb2 Re1 39. a4 Rxe4 40. a5 Kd7
41. Rf7+ Kc8 42. Rxg7 Rg4 43. a6 Kb8 44. Rb7+ Ka8 45. Rb6 Ka7 46. Rxc6 Rd4 47.
c3 Rd1 48. Kc2 Rd5 49. c4 bxc4 50. bxc4 Rd4 51. Kc3 Rd1 52. Kc2 Rd4 53. Kc3 Rd1
1/2-1/2

[Event "FINAL MISTRZOSTW POLSKI JUNIOROW 2018 - GRUPA  D16"]
[Site "Jastrzebia Gora"]
[Date "1899-12-30"]
[Round "5.13"]
[White "Koruch, Maria"]
[Black "Filipska, Maja"]
[Result "1-0"]
[WhiteTitle "I"]
[BlackTitle "I++"]
[WhiteElo "1627"]
[BlackElo "1708"]

1. e4 c5 2. Nf3 a6 3. c4 d6 4. d4 cxd4 5. Nxd4 Nf6 6. Nc3 g6 7. Be2 Bg7 8. Be3
Qc7 9. O-O Nc6 10. Rb1 O-O 11. b4 Ne5 12. Nd5 Nxd5 13. cxd5 b5 14. Rc1 Qb7 15.
f4 Nd7 16. Nc6 e5 17. dxe6 fxe6 18. Qxd6 Nf6 19. Ne7+ Kh8 20. e5 Ne8 21. Qc5 Rf7
22. Bf3 Qxe7 23. Qxe7 Rxe7 24. Bxa8 Bb7 25. Bxb7 Rxb7 26. Rc8 1-0

[Event "FINAL MISTRZOSTW POLSKI JUNIOROW 2018 - GRUPA  D16"]
[Site "Jastrzebia Gora"]
[Date "1899-12-30"]
[Round "5.14"]
[White "Chomicka, Kinga"]
[Black "Orlik, Sandra"]
[Result "0-1"]
[WhiteTitle "I"]
[BlackTitle "I++"]
[WhiteElo "1398"]
[BlackElo "1699"]

1. e4 c5 2. Nc3 Nc6 3. g3 g6 4. Bg2 Bg7 5. d3 d6 6. f4 e6 7. Nf3 Nge7 8. O-O O-O
9. h3 Rb8 10. g4 f5 11. Qe1 Nd4 12. Nxd4 cxd4 13. Ne2 Nc6 14. exf5 exf5 15. Bd5+
Kh8 16. g5 Re8 17. Qf2 Nb4 18. Bb3 Qb6 19. a3 Nxd3 20. cxd3 Qxb3 21. Nxd4 Qxd3
22. Nf3 b6 23. Re1 Rxe1+ 24. Nxe1 Qxh3 25. Qd2 Bb7 26. Qxd6 Qg3+ 27. Kf1 Ba6+
28. Nd3 Bxd3+ 0-1

[Event "FINAL MISTRZOSTW POLSKI JUNIOROW 2018 - GRUPA  D16"]
[Site "Jastrzebia Gora"]
[Date "1899-12-30"]
[Round "5.15"]
[White "Bilczewska, Olga"]
[Black "Sivickis, Wiktoria"]
[Result "0-1"]
[WhiteTitle "I+"]
[BlackTitle "I"]
[WhiteElo "1609"]
[BlackElo "1627"]

1. e4 c5 2. c3 Qa5 3. Nf3 Nc6 4. Bc4 d6 5. O-O Nf6 6. Re1 Bg4 7. Qb3 O-O-O 8. Ng5
Ne5 9. Nxf7 Nxf7 10. Bxf7 Kb8 11. Na3 Qc7 12. Bc4 e5 13. d3 h6 14. Be3 g5 15.
Qa4 a6 16. Qc2 Nh5 17. Rab1 Nf4 18. b4 d5 19. exd5 cxb4 20. Bxf4 gxf4 21. cxb4
b5 22. Bb3 Bxb4 23. Qxc7+ Kxc7 24. Rec1+ Kb7 25. Nc2 Bd2 26. f3 Bxc1 27. Rxc1
Bf5 28. Nb4 Rc8 29. Re1 Rhe8 30. Kf2 Bd7 31. d6 a5 32. Nd5 a4 33. Bd1 Re6 34.
Nb4 Rc5 35. g3 fxg3+ 36. hxg3 Rxd6 37. Rh1 Rd4 38. a3 Rc3 39. Rxh6 Rxa3 40. Nc2
Raxd3 41. Be2 Rd2 42. Nxd4 exd4 43. Ke1 Rb2 44. Rd6 Bf5 45. Rxd4 a3 46. Bxb5 Rxb5
47. Ra4 Rb1+ 48. Kd2 Rb3 49. g4 Bd7 50. Ra5 Kb6 51. Ra8 Bc6 52. Rb8+ Bb7 53. Re8
a2 54. Re6+ Ka7 55. Re1 Rb1 0-1

[Event "FINAL MISTRZOSTW POLSKI JUNIOROW 2018 - GRUPA  D16"]
[Site "Jastrzebia Gora"]
[Date "1899-12-30"]
[Round "5.16"]
[White "Roszkiewicz, Anna"]
[Black "Lascar, Maria Elena"]
[Result "0-1"]
[WhiteTitle "I+"]
[BlackTitle "I+"]
[WhiteElo "1693"]
[BlackElo "1540"]

1. e4 c5 2. Nf3 e6 3. d4 cxd4 4. Nxd4 Bc5 5. Nb3 Bb6 6. Nc3 Ne7 7. Bf4 Nbc6 8.
Bd6 O-O 9. Be2 a6 10. O-O Bc7 11. Bf3 Ne5 12. Bxc7 Qxc7 13. a4 f5 14. exf5 Nxf5
15. Be4 d5 16. Bxf5 Rxf5 17. Nd4 Rf6 18. Qh5 Bd7 19. Nce2 Rh6 20. Qg5 Rf8 21.
Ng3 Rg6 22. Qd2 Nc4 23. Qc3 e5 24. Nf3 d4 25. Qb4 Rb6 26. Qe7 Re8 27. Qg5 h6 28.
Qh5 Rxb2 29. Ne4 Qc6 30. Nfd2 Nxd2 31. Nxd2 Rxc2 32. Nf3 Qf6 33. Rae1 Bxa4 34.
Nxd4 Rc5 35. Nf3 Re7 36. Qg4 Bb5 37. Rc1 Bd7 38. Qe4 Qc6 39. Qxc6 Rxc6 40. Rb1
b5 41. Rfe1 e4 42. Nd4 Rd6 43. Nb3 Bf5 44. Nc5 e3 45. Ra1 e2 46. f3 Bc2 47. Kf2
Bd1 48. Ne4 Rc6 49. Ng3 b4 50. Nxe2 Bxe2 51. Rxe2 Rxe2+ 52. Kxe2 Rc2+ 53. Ke3
Rxg2 54. h3 Rg6 55. Kd4 b3 56. Kc5 a5 57. Ra3 Rg5+ 58. Kc4 b2 59. Rb3 Rg2 60.
Kb5 Rf2 61. f4 Rxf4 62. Rxb2 a4 63. Ra2 Rf3 64. Rxa4 Rxh3 65. Rg4 Rc3 0-1

[Event "FINAL MISTRZOSTW POLSKI JUNIOROW 2018 - GRUPA  D16"]
[Site "Jastrzebia Gora"]
[Date "1899-12-30"]
[Round "5.17"]
[White "Nowicka, Julia"]
[Black "Wolagiewicz, Kinga"]
[Result "0-1"]
[WhiteTitle "I"]
[BlackTitle "I"]
[WhiteElo "1283"]
[BlackElo "1689"]

1. e4 c6 2. d4 d5 3. Nc3 dxe4 4. Nxe4 Nf6 5. Nxf6+ exf6 6. c3 Bd6 7. Bd3 O-O 8.
Qc2 h6 9. Ne2 Re8 10. O-O Nd7 11. Ng3 Nf8 12. Bd2 Qc7 13. c4 Bd7 14. c5 Bf4 15.
Rae1 Bxd2 16. Qxd2 Be6 17. a3 Rad8 18. Re4 Rd7 19. Nh5 f5 20. Rf4 Ng6 21. Rf3
Rxd4 22. Qc3 Qd7 23. Ng3 Ne5 24. Bxf5 Nxf3+ 25. Qxf3 Bxf5 26. Nxf5 Rd5 27. Nd6
Re7 28. Qb3 b6 29. h3 Rxc5 30. Rd1 Qe6 31. Qxe6 Rxe6 32. Nc8 Rd5 33. Rc1 Rd7 34.
Rc4 Rc7 0-1

[Event "FINAL MISTRZOSTW POLSKI JUNIOROW 2018 - GRUPA  D16"]
[Site "Jastrzebia Gora"]
[Date "1899-12-30"]
[Round "5.18"]
[White "Komorowska, Marcelina"]
[Black "Zygmunt, Patrycja"]
[Result "0-1"]
[WhiteTitle "II+"]
[BlackTitle "I"]
[WhiteElo "1209"]
[BlackElo "1370"]

1. e4 e5 2. Nf3 Nc6 3. d4 exd4 4. Nxd4 Bc5 5. Nb3 Bb6 6. Nc3 Nf6 7. Bg5 h6 8. Bh4
g5 9. Bg3 d6 10. Bd3 Be6 11. Qe2 Qe7 12. O-O-O O-O-O 13. h4 Nd4 14. Qd2 Bxb3 15.
axb3 Ne6 16. Nd5 Nxd5 17. exd5 Nc5 18. Bf5+ Kb8 19. Rde1 Qf6 20. Bg4 Rhg8 21.
hxg5 hxg5 22. Bf3 Rde8 23. Rxe8+ Rxe8 24. Re1 Rxe1+ 25. Qxe1 Qd8 26. Bh5 f5 27.
f4 Ne4 28. fxg5 Qxg5+ 29. Kb1 Qxh5 30. Bf4 Qg4 31. g3 a6 32. c4 Bf2 33. Qh1 Nxg3
34. Qh8+ Ka7 35. Qh7 Qxf4 0-1

[Event "FINAL MISTRZOSTW POLSKI JUNIOROW 2018 - GRUPA  D16"]
[Site "Jastrzebia Gora"]
[Date "1899-12-30"]
[Round "6.1"]
[White "Rudzinska, Michalina"]
[Black "Malicka, Maria"]
[Result "0-1"]
[WhiteTitle "k+"]
[BlackTitle "WCM"]
[WhiteElo "2066"]
[BlackElo "2135"]

1. e4 e5 2. Nf3 Nc6 3. Bb5 a6 4. Ba4 Nf6 5. d3 d6 6. c3 g6 7. O-O Bg7 8. Re1 O-O
9. Nbd2 Nh5 10. Nf1 f5 11. exf5 Bxf5 12. Bg5 Qc8 13. Ne3 Be6 14. d4 b5 15. d5
bxa4 16. Qxa4 Nd8 17. Bxd8 Bd7 0-1

[Event "FINAL MISTRZOSTW POLSKI JUNIOROW 2018 - GRUPA  D16"]
[Site "Jastrzebia Gora"]
[Date "1899-12-30"]
[Round "6.2"]
[White "Kucharska, Honorata"]
[Black "Hryn, Zofia"]
[Result "1-0"]
[WhiteTitle "WFM"]
[BlackTitle "I++"]
[WhiteElo "2082"]
[BlackElo "1574"]

1. e4 e5 2. Nf3 Nc6 3. Bb5 Nf6 4. d3 Bc5 5. O-O Nd4 6. Nxd4 Bxd4 7. c3 Bb6 8. h3
c6 9. Ba4 d6 10. Nd2 Be6 11. Re1 O-O 12. Nf1 d5 13. Qf3 Nd7 14. Ng3 Re8 15. b4
a6 16. Bb2 Qf6 17. Qxf6 gxf6 18. exd5 Bxd5 19. c4 Be6 20. c5 Bc7 21. Ne4 Kh8 22.
f3 Rg8 23. Kf2 Rg6 24. g4 Rag8 25. Bc2 f5 26. Ng3 f4 27. Nh5 f5 28. Nxf4 Rf6 29.
Nxe6 Rxe6 30. Bb3 Rh6 31. Bxg8 Rxh3 32. Kg2 1-0

[Event "FINAL MISTRZOSTW POLSKI JUNIOROW 2018 - GRUPA  D16"]
[Site "Jastrzebia Gora"]
[Date "1899-12-30"]
[Round "6.3"]
[White "Jarocka, Liwia"]
[Black "Sowa, Wiktoria"]
[Result "1/2-1/2"]
[WhiteTitle "FM"]
[BlackTitle "k"]
[WhiteElo "1989"]
[BlackElo "1993"]

1. e4 e5 2. Nf3 Nc6 3. Bb5 a6 4. Ba4 Nf6 5. O-O Be7 6. Re1 b5 7. Bb3 d6 8. c3 O-O
9. h3 Na5 10. Bc2 c5 11. d4 Qc7 12. d5 Bd7 13. b3 c4 14. b4 Nb7 15. a4 a5 16.
axb5 Bxb5 17. bxa5 Rxa5 18. Rxa5 Qxa5 19. Ba3 Nd7 20. Bb4 Qc7 21. Na3 Ba6 22.
Qe2 Rc8 23. Ra1 g6 24. g3 Nb6 25. h4 Nc5 26. Qe3 Nbd7 27. Nb1 Bb5 28. Nbd2 Nf6
29. Bxc5 Qxc5 30. Qxc5 Rxc5 31. Ba4 Kf8 32. Bxb5 Rxb5 33. Ra4 Rc5 34. Ne1 Bd8
35. Nc2 Ba5 36. Nxc4 Bxc3 37. N4e3 Ke7 38. Kf1 Nd7 39. Ke2 Ra5 40. Rxa5 Bxa5 41.
Nc4 Bc7 42. f3 Nc5 43. Ke3 Kd7 44. Nb4 Na4 45. Nc6 Bb6+ 46. Nxb6+ Nxb6 1/2-1/2

[Event "FINAL MISTRZOSTW POLSKI JUNIOROW 2018 - GRUPA  D16"]
[Site "Jastrzebia Gora"]
[Date "1899-12-30"]
[Round "6.4"]
[White "Swiech, Joanna"]
[Black "Czarniecka, Aleksandra"]
[Result "1-0"]
[WhiteTitle "k"]
[BlackTitle "k"]
[WhiteElo "1995"]
[BlackElo "2015"]

1. d4 Nf6 2. c4 g6 3. Nc3 Bg7 4. e4 d6 5. f3 O-O 6. Be3 Nc6 7. Qd2 e5 8. d5 Nd4
9. Nge2 Nxe2 10. Nxe2 a6 11. h4 h5 12. O-O-O b5 13. c5 dxc5 14. Bxc5 Re8 15. Kb1
Nd7 16. Be3 Nb6 17. Nc1 Bf6 18. g3 Bd7 19. Nb3 Na4 20. Rc1 Rc8 21. Na5 c5 22.
dxc6 Be6 23. Qxd8 Bxd8 24. Nb7 Bc7 25. b3 Nb6 26. Bxb6 Bxb6 27. Nd6 Red8 28. Nxc8
Bxc8 29. c7 Re8 30. Bg2 Kf8 31. Rc6 Bd4 32. Bh3 a5 33. Bxc8 Rxc8 34. Rhc1 b4 35.
R1c4 Ke7 36. g4 Bf2 37. gxh5 gxh5 38. Rh6 Bxh4 39. Rxh5 Bg3 40. Rh6 Kd7 41. Rf6
Ke7 42. Ra6 Kd7 43. Rxa5 Rxc7 44. Rxc7+ Kxc7 45. Rb5 Be1 46. Rxe5 Kd7 47. Kc2
Bc3 48. Rd5+ Ke7 49. Kd3 Ke6 50. Kc4 Kxd5+ 1-0

[Event "FINAL MISTRZOSTW POLSKI JUNIOROW 2018 - GRUPA  D16"]
[Site "Jastrzebia Gora"]
[Date "1899-12-30"]
[Round "6.5"]
[White "Michalska, Aleksandra"]
[Black "Kalinowska, Zuzanna"]
[Result "0-1"]
[WhiteTitle "I"]
[BlackTitle "k+"]
[WhiteElo "1661"]
[BlackElo "1980"]

1. e4 e6 2. d4 d5 3. exd5 exd5 4. Bd3 Nc6 5. c3 Be6 6. Qf3 Qd7 7. h3 O-O-O 8. Ne2
f6 9. Nd2 Re8 10. b4 g5 11. g4 Nce7 12. Nb3 Ng6 13. Bxg6 hxg6 14. Bd2 f5 15. O-O-O
fxg4 16. Qg3 gxh3 17. Bxg5 Bg4 18. f3 Rxe2 19. Qxg4 Qxg4 20. fxg4 Bd6 21. Rd2
Rg2 22. Re1 b6 23. Rde2 Rxe2 24. Rxe2 h2 25. Re8+ Kb7 0-1

[Event "FINAL MISTRZOSTW POLSKI JUNIOROW 2018 - GRUPA  D16"]
[Site "Jastrzebia Gora"]
[Date "1899-12-30"]
[Round "6.7"]
[White "Hryn, Aleksandra"]
[Black "Kulpa, Zuzanna"]
[Result "0-1"]
[WhiteTitle "I"]
[BlackTitle "I++"]
[WhiteElo "1558"]
[BlackElo "1839"]

1. e4 c5 2. Be2 Nc6 3. f4 Nf6 4. d3 d6 5. Nf3 g6 6. c3 Bg7 7. Na3 O-O 8. O-O Rb8
9. Nc2 b5 10. e5 dxe5 11. fxe5 Ng4 12. d4 cxd4 13. cxd4 Qb6 14. Kh1 Rd8 15. Qe1
Bf5 16. Ne3 Nxe3 17. Bxe3 Nxe5 18. Nh4 Be6 19. Qf2 Nc4 20. Bxc4 Bxc4 21. Rfd1
Rbc8 22. Nf3 Bd5 23. Rf1 f6 24. b3 Qb7 25. Nh4 Be4 26. Rae1 Bd3 27. Rg1 Rc2 28.
Qg3 Rxa2 29. Bf2 Be4 30. Rgf1 f5 31. Nxg6 hxg6 32. Qxg6 Qc6 33. Qg3 Rxd4 34. Bxd4
Rxg2 35. Qb8+ Kh7 36. Rxe4 Qxe4 37. Qf4 Rg1+ 38. Kxg1 Bxd4+ 39. Rf2 Qxf4 0-1

[Event "FINAL MISTRZOSTW POLSKI JUNIOROW 2018 - GRUPA  D16"]
[Site "Jastrzebia Gora"]
[Date "1899-12-30"]
[Round "6.8"]
[White "Budkiewicz, Magdalena"]
[Black "Furtak, Joanna"]
[Result "1/2-1/2"]
[WhiteTitle "I++"]
[BlackTitle "I++"]
[WhiteElo "1739"]
[BlackElo "1683"]

1. e4 e5 2. Nf3 Nc6 3. Bb5 a6 4. Ba4 g6 5. O-O Bg7 6. c3 Nge7 7. d4 b5 8. Bb3 exd4
9. Nxd4 O-O 10. Nxc6 Nxc6 11. Bf4 Bb7 12. Bd5 d6 13. Qd2 Na5 14. Bxb7 Nxb7 15.
Na3 Nc5 16. f3 Qd7 17. Bh6 Rae8 18. Bxg7 Kxg7 19. Rfe1 Re5 20. Nc2 Rfe8 21. Ne3
h5 22. Qd4 Ne6 23. Qd2 Nc5 24. Qd4 Ne6 25. Qd2 Nc5 26. Qd4 Ne6 1/2-1/2

[Event "FINAL MISTRZOSTW POLSKI JUNIOROW 2018 - GRUPA  D16"]
[Site "Jastrzebia Gora"]
[Date "1899-12-30"]
[Round "6.9"]
[White "Sivickis, Wiktoria"]
[Black "Karlyk, Maria"]
[Result "0-1"]
[WhiteTitle "I"]
[BlackTitle "I"]
[WhiteElo "1627"]
[BlackElo "1636"]

1. d4 d5 2. c4 Nc6 3. Nf3 Bg4 4. Qa4 Bxf3 5. exf3 e6 6. cxd5 Bb4+ 7. Bd2 Bxd2+
8. Nxd2 Qxd5 9. Bb5 Nge7 10. O-O O-O 11. Rac1 a6 12. Bxc6 Nxc6 13. Ne4 Rfd8 14.
Nc3 Qxd4 15. Rfd1 Qxa4 16. Nxa4 Rxd1+ 17. Rxd1 Rd8 18. Rxd8+ Nxd8 19. Nc5 Kf8
20. Kf1 Ke7 21. Ke2 Kd6 22. Ne4+ Kd5 23. Kd3 Nc6 24. Kc3 h6 25. Nd2 Ne7 26. Nc4
b6 27. Ne3+ Kc5 28. Nc4 Nd5+ 29. Kb3 Nf4 30. Ne3 Nd5 31. Nc4 Kd4 32. Nd2 Nf4 33.
Kc2 Nxg2 34. Nb3+ Kd5 35. Kd3 Nf4+ 36. Ke3 Ng6 37. f4 e5 38. Kd4+ 0-1

[Event "FINAL MISTRZOSTW POLSKI JUNIOROW 2018 - GRUPA  D16"]
[Site "Jastrzebia Gora"]
[Date "1899-12-30"]
[Round "6.10"]
[White "Harazinska, Magdalena"]
[Black "Koruch, Maria"]
[Result "1-0"]
[WhiteTitle "k"]
[BlackTitle "I"]
[WhiteElo "2053"]
[BlackElo "1627"]

1. e4 c5 2. Nf3 Nc6 3. Bb5 d6 4. O-O Bd7 5. Re1 g6 6. c3 Bg7 7. d4 Qb6 8. Bxc6
bxc6 9. e5 cxd4 10. exd6 dxc3 11. Nxc3 e6 12. Ne5 Nf6 13. Bg5 Nd5 14. Nxd5 cxd5
15. Qf3 Bxe5 16. Rxe5 Qxd6 17. Qf6 Rg8 18. Rxd5 Qb4 19. a3 Qf8 20. Rad1 exd5 21.
Re1+ Be6 22. Rxe6+ Kd7 23. Re7+ Qxe7 24. Qxe7+ Kc6 25. Qf6+ Kc5 26. Be3+ Kb5 27.
Qxf7 Rge8 28. Qxd5+ Ka6 29. Qc6+ Ka5 30. b4# 1-0